000 00986nas a2200313 4500
001 BR8204669
003 BR-BrBNA
005 20231205085223.0
007 ta
008 230509b bl.|||p| |||| 00| 00por d
040 _aBR-BrBNA
_bpor
_cBiblioteca Nacional de Agricultura
041 _a(Pt)
072 _aF25; L32; L50
100 1 _aLourenco, A.J.
100 1 _aSartini, H.J.
245 1 _aEfeito da fertilizacao fosfatada e da lotacao nas concentracoes de fosforo e calcio no solo, na forragem disponivel e no soro sanguineo de bovinos
650 _aFERTILIZANTE FOSFATADO
650 _aFORRAGEM
650 _aCONSORCIACAO DE CULTURA
650 _aCAPIM JARAGUA
650 _aCENTROSEMA
650 _aSORGO
650 _aSIRATRO
650 _aSORO-SANGUINEO
650 _aBOVINO
773 0 _tBoletim de Industria Animal (Brazil)
_xISSN 0067-9617
_g(Jan-Jun 1982), v. 39(1) p. 1-10
_wBR8204669
909 _a202311
_bLúcia
_c55
_dLúcia Elande
942 _2AGRIS
_n0
_cANA
999 _c110067
_d110067